000
00226nam a22000857a 4500
999
_c
11407
_d
11407
008
190416b ||||| |||| 00| 0 eng d
020
_a
9789387679122
100
_9
7139
_a
KOSHY Z SONYMOL
245
_a
EXCEL IN COMPUTER APPLICATIONS IX